LEADER 01182nam0 22002771i 450 001 RML0288019 005 20231121125733.0 010 $a8838727961 100 $a20121121d2005 ||||0itac50 ba 101 | $aita 102 $ait 181 1$6z01$ai $bxxxe 182 1$6z01$an 200 1 $a˜Il œnuovo procedimento amministrativo$ecommentario coordinato della Legge 241/90 riformata dalla Legge 11 febbraio 2005, n. 15 e dalla Legge 14 maggio 2005, n. 80 (conversione con modifiche del D. L. 35/2005 sull "competitività")$fCarla Franchini, Maurizio Lucca, Tiziano Tessaro$ga cura di Tiziano Tessaro 210 $aRimini $cMaggioli $d2005 215 $a1516 p.$d24 cm 676 $a342.45066$9$v21 700 1$aFranchini$b, Carla$3RMLV186078$0426421 801 3$aIT$bIT-01$c20121121 850 $aIT-FR0099 899 $aBiblioteca Area Ingegneristica$bFR0099 912 $aRML0288019 950 0$aBiblioteca Area Ingegneristica$d 54DAE 342 FRA$e 54VM 0000577165 VM barcode:BAIN005050. - Inventario:674AVM$fA $h20051027$i20121204 977 $a 54 996 $aNuovo procedimento amministrativo$93627448 997 $aUNICAS